000 00736nam a2200217 4500
003 OSt
005 20240626070900.0
006 a
008 240626b |||||||| |||| 00| 0 eng d
020 _a9789715132947
040 _aDWCL-HMN lib.
_cOC
082 _2First edition
_aFil. 372.37 Es82h 2011
100 _aEstrada-Castro, Cecilia
245 _aHealth education for nursing and other allied professions : with teaching strategies and principles of teaching and learning : text-workbook /
250 _aFirst edition
260 _aManila :
_bEducational Pub. House,
_cc2011.
300 _axx,
_b258 p. ;
_c24 cm.
504 _aIncludes index.
650 _a1. Health-Education.
942 _2ddc
_n0
_cBK - FIL
_eFirst edition
_kFil.
999 _c1408
_d1408